Statistics for Joseph Heller Bibliography

Click here to take the quiz!

General Stats

  • This quiz has been taken 3 times
  • The average score is 6 of 40

Answer Stats

TypeYearName% Correct
Novel1961Catch-22
100%
Play1973Catch-22
100%
Novel1974Something Happened
100%
Novel1994Closing Time
67%
Novel1979Good as Gold
67%
Screenplay1967Casino Royale
33%
Short Story Collection2003Catch as Catch Can: The Collected Stories and Other Writings
33%
Novel1984God Knows
33%
Autobiography1986No Laughing Matter
33%
Play1967We Bombed in New Haven
33%
Short Story2003A Day in the Country
0%
Short Story2016Almost Like Christmas
0%
Short Story1948A Man Named Flute
0%
Short Story1947Bookies, Beware!
0%
Short Story1948Castle of Snow
0%
Essay1967Catch-22 Revisited
0%
Short Story1990Catch-23
0%
Play1973Clevinger's Trial
0%
Screenplay1970Dirty Dingus Magee
0%
Short Story2003From Dusk to Dawn
0%
Short Story1948Girl from Greenwich
0%
Essay1995I Am the Bombardier!
0%
Short Story1945I Don't Love You Any More
0%
Essay1972Joseph Heller Talks About Catch-22
0%
Short Story1948Lot's Wife
0%
Short Story1969Love, Dad
0%
Short Story1959MacAdam's Log
0%
Short Story1948Nothing to Be Done
0%
Memoir1998Now and Then: From Coney Island to Here
0%
Novel1988Picture This
0%
Novel2000Portrait of an Artist, as an Old Man
0%
Essay1977Reeling in Catch-22
0%
Screenplay1964Sex and the Single Girl
0%
Short Story1990The Day Bush Left
0%
Short Story2003The Death of the Dying Swan
0%
Short Story2011The Principal of Rivington Street
0%
Short Story2003The Sound of Asthma
0%
Short Story2003To Laugh in the Morning
0%
Short Story1955World Full of Great Cities
0%
Short Story1987Yossarian Survives
0%

Score Distribution

Percentile by Number Answered

Percent of People with Each Score

Your Score History

You have not taken this quiz